00443 2200157 4500001002100000008004100021035002000062245005900082100003400141260003200175300002200207020002200229084001400251082000800265990001200273INLIS000000000002800 IND  a0010-0925000147 aPeluk Aku Dalam CintamucRirin Rahayu & Astuti NIngrum aRirin Rahayu & Astuti NIngrum aJakartabRumah Oranyec2014 a256c(13 x 19 cm) a978-602-1588-42-0 a813 AST p a813 a0755022